[Event "Titled Tuesday intern op 01st Apr Late"]
[Site "Chess.com INT"]
[Date "2025.04.01"]
[Round "8"]
[White "Akkara, Omer"]
[Black "Dudzinski, Piotr"]
[Result "0-1"]
[WhiteElo "2132"]
[BlackElo "2335"]
[PlyCount "108"]
[EventDate "2025.04.01"]
[EventType "swiss (blitz)"]
[EventRounds "11"]
[EventCountry "USA"]
[SourceTitle "CB21_2025"]
[SourceDate "2025.05.21"]
[SourceVersion "1"]
[SourceVersionDate "2025.05.21"]
[SourceQuality "1"]

1. e4 e6 2. d4 d5 3. exd5 exd5 4. Nf3 Nf6 5. Bd3 Bd6 6. 0-0 0-0 7. h3 h6 8. Re1 c6 9. c3 Nbd7 10. Nbd2 Qc7 11. Qc2 Re8 12. Rxe8+ Nxe8 13. Nf1 Nf8 14. Ne3 Be6 15. Nf5 Bf4 16. Bxf4 Qxf4 17. Re1 Bxf5 18. Bxf5 Nd6 19. Bd3 Qf6 20. Ne5 Re8 21. Re3 Qd8 22. Qe2 f6 23. Ng6 Rxe3 24. Qxe3 Qe8 25. Qg3 Qd7 26. Qe3 Nxg6 27. Bxg6 Kf8 28. Bd3 Kf7 29. Kh2 Qe7 30. Qf4 Ne8 31. Qg4 g5 32. Qh5+ Ke6 33. Qxh6 Nd6 34. Qh5 Kd7 35. Qe2 Qf7 36. g4 Kc7 37. Kg2 Qd7 38. Qf3 Qe7 39. Qe3 Qxe3 40. fxe3 Kd7 41. Kf3 Ke6 42. b3 Nf7 43. e4 Nd6 44. exd5+ cxd5 45. a4 a5 46. c4 b6 47. Ke3 Ne8 48. c5 bxc5 49. dxc5 Ke5 50. Bf5 Nc7 51. Kd3 d4 52. Be4 Ne6 53. c6 Nc5+ 54. Kc4 Nxe4 0-1

[Event "Titled Tuesday intern op 01st Apr Late"]
[Site "Chess.com INT"]
[Date "2025.04.01"]
[Round "5"]
[White "Pribelszky, Bence Daniel"]
[Black "Dudzinski, Piotr"]
[Result "1/2-1/2"]
[WhiteElo "2400"]
[BlackElo "2335"]
[PlyCount "151"]
[EventDate "2025.04.01"]
[EventType "swiss (blitz)"]
[EventRounds "11"]
[EventCountry "USA"]
[SourceTitle "CB21_2025"]
[SourceDate "2025.05.21"]
[SourceVersion "1"]
[SourceVersionDate "2025.05.21"]
[SourceQuality "1"]

1. g3 d5 2. Nf3 c6 3. Bg2 Nf6 4. 0-0 Bg4 5. h3 Bxf3 6. exf3 Nbd7 7. f4 e6 8. d4 Be7 9. Nd2 0-0 10. Nf3 c5 11. Ne5 cxd4 12. Qxd4 Bc5 13. Qd3 Nxe5 14. fxe5 Nd7 15. Re1 Qb6 16. Re2 Qc7 17. Bf4 Rac8 18. h4 Rfd8 19. h5 h6 20. g4 Nf8 21. g5 hxg5 22. Bxg5 Be7 23. Bf4 Qc4 24. Qf3 Nh7 25. Rae1 Bg5 26. Bh2 Qxa2 27. Qg4 Qc4 28. f4 Bh6 29. Kh1 a5 30. Rg1 Kh8 31. Bf1 d4 32. Reg2 Qd5 33. Bd3 Nf8 34. f5 exf5 35. Qxf5 Qe6 36. Qe4 b6 37. Bf4 Rc5 38. Bxh6 Qxh6 39. Rg5 Ne6 40. Rf5 Rc7 41. Rg4 Nc5 42. Qf3 Nxd3 43. Qxd3 g6 44. Rfg5 Re8 45. Rg3 Rce7 46. Kg1 Rxe5 47. Rxe5 Rxe5 48. hxg6 fxg6 49. Rxg6 Rg5+ 50. Rxg5 Qxg5+ 51. Kf2 Qf4+ 52. Ke2 Kg7 53. Qb5 Qd6 54. Kd3 Kf6 55. Qc4 Ke5 56. Qb5+ Qc5 57. Qe8+ Kd6 58. Qd8+ Kc6 59. Qe8+ Kb7 60. Qd7+ Ka6 61. Qxd4 Qf5+ 62. Kc3 Qf3+ 63. Qd3+ Qxd3+ 64. cxd3 Kb5 65. Kd4 Kc6 66. Kc4 b5+ 67. Kd4 Kd6 68. Ke4 Ke6 69. d4 Kd6 70. d5 b4 71. Kd4 a4 72. Kc4 a3 73. bxa3 bxa3 74. Kb3 Kxd5 75. Ka2 Kc4 76. Kxa3 1/2-1/2

[Event "Titled Tuesday intern op 18th Mar Late"]
[Site "Chess.com INT"]
[Date "2025.03.18"]
[Round "2"]
[White "Carlsen, Magnus"]
[Black "Dudzinski, Piotr"]
[Result "1-0"]
[WhiteElo "2833"]
[BlackElo "2335"]
[PlyCount "123"]
[EventDate "2025.03.18"]
[EventType "swiss (blitz)"]
[EventRounds "11"]
[EventCountry "USA"]
[SourceTitle "CB13_2025"]
[SourceDate "2025.03.26"]
[SourceVersion "1"]
[SourceVersionDate "2025.03.26"]
[SourceQuality "1"]

1. d4 d5 2. c4 e6 3. Nc3 Nf6 4. cxd5 exd5 5. Bg5 c6 6. e3 Be7 7. Bd3 h6 8. Bf4 0-0 9. h3 Nbd7 10. Nf3 Re8 11. 0-0 Nf8 12. Rb1 a5 13. a3 Qb6 14. b4 axb4 15. axb4 Ne6 16. Be5 Qd8 17. b5 c5 18. dxc5 Nxc5 19. Bxf6 Bxf6 20. Nxd5 Nxd3 21. Qxd3 Be6 22. Nxf6+ Qxf6 23. Qd4 Qg6 24. Kh2 Red8 25. Qf4 Ra2 26. Nd4 Bd5 27. Qg3 Qxg3+ 28. Kxg3 Rd6 29. Kh2 Rg6 30. Nf3 Bxf3 31. gxf3 Rd6 32. f4 Rdd2 33. Kg3 Rdb2 34. h4 f5 35. h5 Kh7 36. Kf3 Rc2 37. Rbd1 Rab2 38. Rd5 Rc3 39. Rxf5 Rcb3 40. Rf7 Kg8 41. Rxb7 Rxb5 42. Rxb5 Rxb5 43. Kg4 Kf7 44. e4 Rb4 45. f3 Rb2 46. Rg1 Rh2 47. f5 Kf6 48. f4 Kf7 49. e5 Ke7 50. Ra1 Rg2+ 51. Kh3 Rd2 52. Ra6 Kf8 53. f6 gxf6 54. Rxf6+ Kg7 55. Rg6+ Kh7 56. Rd6 Re2 57. Rd7+ Kg8 58. Kg4 Rh2 59. Kf5 Kh8 60. Kg6 Rg2+ 61. Kxh6 Rg7 62. Rd8+ 1-0

[Event "Titled Tuesday intern op 18th Mar Late"]
[Site "Chess.com INT"]
[Date "2025.03.18"]
[Round "9"]
[White "Dudzinski, Piotr"]
[Black "Materia, Marco"]
[Result "1-0"]
[WhiteElo "2335"]
[BlackElo "2486"]
[PlyCount "117"]
[EventDate "2025.03.18"]
[EventType "swiss (blitz)"]
[EventRounds "11"]
[EventCountry "USA"]
[SourceTitle "CB13_2025"]
[SourceDate "2025.03.26"]
[SourceVersion "1"]
[SourceVersionDate "2025.03.26"]
[SourceQuality "1"]

1. e4 d6 2. d4 g6 3. Nc3 Bg7 4. Bc4 Nf6 5. Nge2 0-0 6. 0-0 e5 7. dxe5 dxe5 8. h3 c6 9. Qxd8 Rxd8 10. a4 a5 11. Be3 Na6 12. Bb6 Re8 13. Rfd1 Nb4 14. Na2 Nxc2 15. Rac1 Nb4 16. f3 Bh6 17. Rb1 Nxa2 18. Bxa2 Be6 19. Bxe6 Rxe6 20. Kf2 Ra6 21. Rd8+ Re8 22. Bc7 Rxd8 23. Bxd8 Nd7 24. Rd1 Nc5 25. Nc3 Ra8 26. Bb6 Bf8 27. Ke2 f6 28. Bxc5 Bxc5 29. Rd7 Bd4 30. Rxb7 Ra7 31. Rxa7 Bxa7 32. Kd3 Kf7 33. b3 Ke6 34. Kc4 Bd4 35. b4 axb4 36. Kxb4 f5 37. Kc4 h5 38. a5 Kd6 39. Na4 fxe4 40. fxe4 Bf2 41. Nb2 Be1 42. a6 Kc7 43. Nd3 Bg3 44. Kc5 Bh2 45. g4 hxg4 46. hxg4 Bg1+ 47. Kc4 Bd4 48. Nb4 Bf2 49. Nd3 Bd4 50. Nf4 exf4 51. Kxd4 c5+ 52. Kd3 f3 53. Ke3 Kb6 54. e5 c4 55. Kxf3 Kxa6 56. e6 Kb5 57. e7 c3 58. e8Q+ Kc4 59. Qxg6 1-0

[Event "Titled Tuesday intern op 18th Mar Late"]
[Site "Chess.com INT"]
[Date "2025.03.18"]
[Round "7"]
[White "Dudzinski, Piotr"]
[Black "Sooraj, Menothuparam Raju"]
[Result "1-0"]
[WhiteElo "2335"]
[BlackElo "2154"]
[PlyCount "133"]
[EventDate "2025.03.18"]
[EventType "swiss (blitz)"]
[EventRounds "11"]
[EventCountry "USA"]
[SourceTitle "CB13_2025"]
[SourceDate "2025.03.26"]
[SourceVersion "1"]
[SourceVersionDate "2025.03.26"]
[SourceQuality "1"]

1. e4 Nf6 2. e5 Nd5 3. d4 d6 4. exd6 cxd6 5. Nf3 g6 6. Be2 Bg7 7. 0-0 0-0 8. c4 Nf6 9. h3 d5 10. Nc3 Nc6 11. Be3 dxc4 12. Bxc4 a6 13. Rc1 b5 14. Be2 Nb4 15. Ne5 Bb7 16. Bf3 Bxf3 17. Qxf3 Rc8 18. a3 Nbd5 19. Nxd5 Qxd5 20. Nc6 Rc7 21. Nb4 Qxf3 22. gxf3 Rfc8 23. Rxc7 Rxc7 24. Nxa6 Rc2 25. Rc1 Rxc1+ 26. Bxc1 Nd5 27. Be3 e5 28. dxe5 Bxe5 29. b3 Bb2 30. a4 bxa4 31. bxa4 Nc3 32. a5 Nd5 33. Nc5 Ba3 34. a6 Nc7 35. a7 f5 36. Na6 Na8 37. Bf4 Kf7 38. Nc7 Bc5 39. Nxa8 Bxa7 40. Nc7 Bb6 41. Nb5 Kf6 42. Be3 Ba5 43. Kf1 g5 44. Nd6 f4 45. Bd4+ Kg6 46. Ne4 Kh5 47. Kg2 h6 48. Nf6+ Kg6 49. h4 Bd8 50. hxg5 hxg5 51. Ng4 Kf5 52. Kf1 Be7 53. Ke2 Bd8 54. Kd3 Be7 55. Kc4 Bd8 56. Kd5 Be7 57. Bc5 Bd8 58. Kd6 Ba5 59. Ke7 Bc3 60. Kf7 Bb2 61. Be7 Bd4 62. Bf6 Bc5 63. Kg7 Bb6 64. Kh6 Bxf2 65. Nxf2 Kxf6 66. Kh5 Ke5 67. Kxg5 1-0

[Event "Titled Tuesday intern op 18th Mar Late"]
[Site "Chess.com INT"]
[Date "2025.03.18"]
[Round "5"]
[White "Hercegovac, Neven"]
[Black "Dudzinski, Piotr"]
[Result "1/2-1/2"]
[WhiteElo "2267"]
[BlackElo "2335"]
[PlyCount "153"]
[EventDate "2025.03.18"]
[EventType "swiss (blitz)"]
[EventRounds "11"]
[EventCountry "USA"]
[SourceTitle "CB13_2025"]
[SourceDate "2025.03.26"]
[SourceVersion "1"]
[SourceVersionDate "2025.03.26"]
[SourceQuality "1"]

1. e4 e6 2. d4 d5 3. Nc3 dxe4 4. Nxe4 Bd7 5. Nf3 Bc6 6. Bd3 Nd7 7. 0-0 Ngf6 8. Ng3 Be7 9. c3 0-0 10. Bc2 b6 11. Qd3 Bb7 12. Bg5 Re8 13. Rfe1 Nf8 14. Rad1 h6 15. Bf4 c5 16. Qe2 Qc8 17. dxc5 Qxc5 18. Ne5 Rad8 19. Ba4 Rxd1 20. Rxd1 Rd8 21. Rxd8 Bxd8 22. Bb3 Nd5 23. Bc1 Bc7 24. Nd3 Qe7 25. Qg4 Ng6 26. Ne2 Qh4 27. Qxh4 Nxh4 28. f3 b5 29. Nef4 Bb6+ 30. Kf1 Ne3+ 31. Bxe3 Bxe3 32. Ke2 Bb6 33. g3 Nf5 34. Nxe6 Nxg3+ 35. hxg3 fxe6 36. Bxe6+ Kf8 37. Bf5 Bc7 38. g4 Bd5 39. a3 Bf7 40. Bd7 Bc4 41. Bf5 Kf7 42. Ke3 g6 43. Be4 h5 44. gxh5 gxh5 45. Kf2 h4 46. Kg2 Kf6 47. Nb4 Kg5 48. Nd5 Bd6 49. Ne3 Be6 50. Ng4 Kf4 51. Bc6 a6 52. Kh3 Be7 53. Bb7 a5 54. Bc6 Bc4 55. a4 Bf1+ 56. Kh2 bxa4 57. Bxa4 Bd6 58. Nf2 Ke3+ 59. Kg1 Be2 60. Ng4+ Kxf3 61. Nh2+ Kg3 62. Nf1+ Kf3 63. Nh2+ Kf4 64. Nf1 Bc5+ 65. Kg2 h3+ 66. Kxh3 Bxf1+ 67. Kh2 Kf3 68. b4 axb4 69. cxb4 Bxb4 70. Bc6+ Kf2 71. Kh1 Bd6 72. Bb7 Be2 73. Bc6 Kg3 74. Bb7 Bg4 75. Ba8 Bf4 76. Bb7 Bf3+ 77. Bxf3 1/2-1/2